Statistiques concernant Brassens - La ronde des jurons

Cliquez ici pour prendre le quiz!

Statistiques générales

  • Ce quiz a été pris 32 fois
  • Le résultat moyen est 107 sur 168

Statistiques - réponses

Réponse% Correct
à
100%
De
100%
de
100%
des
100%
jurons
100%
la
100%
rond
100%
ronde
100%
et
92%
Et
92%
Le
92%
Les
92%
les
92%
par
85%
Voici
85%
ma
77%
Quand
77%
qui
77%
Qui
77%
Sans
77%
aloi
69%
bon
69%
Bon
69%
oublier
69%
que
69%
sacrebleus
69%
Tous
69%
tous
69%
Ainsi
62%
Du
62%
fichtre
62%
foutre
62%
jarnicotons
62%
joyeux
62%
Jurant
62%
nom
62%
raccourcie
62%
ventres
62%
chapelet
54%
Comme
54%
défilaient
54%
d'une
54%
franc-parler
54%
gaulois
54%
grains
54%
langue
54%
loi
54%
morbleus
54%
noms
54%
palsambleu
54%
parbleu
54%
par-ci
54%
par-là
54%
pipe
54%
saint-gris
54%
sapristis
54%
barbe
46%
chantaient
46%
cornegidouille
46%
cré
46%
dansaient
46%
Dieu
46%
jarnibleu
46%
pardi
46%
sacristis
46%
suivaient
46%
un
46%
bougre
38%
clair
38%
cristis
38%
Ils
38%
Ne
38%
plus
38%
ventrebleu
38%
bigre
31%
Brest
31%
charretiers
31%
diantre
31%
jadis
31%
légère
31%
mégères
31%
ont
31%
Ont
31%
peste
31%
pitié
31%
saperlipopette
31%
saperlottes
31%
Tonnerre
31%
châtié
23%
harengères
23%
langage
23%
N'a
23%
pardieu
23%
parlent
23%
pouah
23%
profundis
23%
Quelle
23%
vécu
23%
vertudieux
23%
vieux
23%
catéchisme
15%
chez
15%
cours
15%
guère
15%
hussards
15%
jarnidieux
15%
pasquedieux
15%
poissard
15%
scrogneugneus
15%

Distribution des résultats

Percentile par nombre de réponses

% des personnes avec chaque résultat

Votre développement - résultats

Vous n’avez pas pris ce quiz